[Event "Hillerod Byturnering 2017 Basis 1"]
[Site "Hillerod"]
[Date "????.??.??"]
[Round "1"]
[White "Lavrsen, Frands Winther"]
[Black "Sorensen, Bernhard W"]
[Result "1-0"]
[WhiteElo "1772"]
[BlackElo "1724"]
[PlyCount "67"]
[EventDate "2017.??.??"]
[EventType "tourn"]
[EventRounds "7"]
[EventCountry "DEN"]

1. f4 d5 2. Nf3 Bg4 3. e3 e6 4. Be2 Nf6 5. O-O Bd6 6. d3 O-O 7. h3 Bxf3 8. Bxf3
c6 9. Nc3 Nbd7 10. g4 h6 11. Qe1 Nh7 12. e4 d4 13. Ne2 e5 14. f5 Be7 15. Qg3
Bh4 16. Qh2 Qa5 17. Kh1 b5 18. Ng1 c5 19. Be2 Rac8 20. Nf3 Bf6 21. h4 Qd8 22.
Rg1 Qe8 23. g5 hxg5 24. hxg5 Bd8 25. Rg3 Bxg5 26. Bxg5 f6 27. Bh6 Rf7 28. Rag1
Ng5 29. Bxg5 fxg5 30. Nxg5 Rf6 31. Qh7+ Kf8 32. Bh5 Qxh5+ 33. Qxh5 Rh6 34. Ne6+
1-0

[Event "Hillerod Byturnering 2017 Basis 1"]
[Site "Hillerod"]
[Date "????.??.??"]
[Round "1"]
[White "Malchau, Helge"]
[Black "Petersen, Albert Emil Lyng"]
[Result "1/2-1/2"]
[WhiteElo "1722"]
[BlackElo "1691"]
[PlyCount "81"]
[EventDate "2017.??.??"]
[EventType "tourn"]
[EventRounds "7"]
[EventCountry "DEN"]

1. d4 Nf6 2. c4 g6 3. Nf3 Bg7 4. g3 d6 5. Bg2 O-O 6. O-O Nc6 7. Nc3 e5 8. dxe5
Nxe5 9. Nxe5 dxe5 10. Qxd8 Rxd8 11. Bg5 c6 12. Ne4 Nxe4 13. Bxd8 Nd2 14. Rfc1
Be6 15. Ba5 Nxc4 16. Bc3 Nb6 17. e4 Na4 18. b3 Nxc3 19. Rxc3 Rd8 20. Rcc1 Rd4
21. Rd1 c5 22. Rxd4 cxd4 23. Rc1 Bd7 24. Kf1 Bc6 25. f3 Bh6 26. Rc5 f6 27. Bh3
Bd2 28. Be6+ Kf8 29. Bd5 Bb4 30. Rc1 Bb5+ 31. Bc4 Bc6 32. Ke2 Bc3 33. a4 a5 34.
Bd5 Bxd5 35. exd5 Ke7 36. Kd3 Kd6 37. Kc4 f5 38. Rf1 h6 39. h3 b6 40. h4 Bb2
41. Rf2 1/2-1/2

[Event "Hillerod Byturnering 2017 Basis 1"]
[Site "Hillerod"]
[Date "????.??.??"]
[Round "1"]
[White "Nygaard, Soren"]
[Black "Holm, Henrik"]
[Result "0-1"]
[WhiteElo "1751"]
[BlackElo "1804"]
[PlyCount "90"]
[EventDate "2017.??.??"]
[EventType "tourn"]
[EventRounds "7"]
[EventCountry "DEN"]

1. d4 Nf6 2. c4 g6 3. Nc3 Bg7 4. e4 d6 5. Be2 O-O 6. f4 c5 7. Nf3 cxd4 8. Nxd4
Na6 9. Be3 Qb6 10. Nc2 Qa5 11. O-O Rd8 12. Bf3 Qc7 13. Qe2 Be6 14. Nd5 Bxd5 15.
cxd5 Nc5 16. Bd4 Rac8 17. Rac1 b6 18. Nb4 Qb7 19. Nc6 Rf8 20. Rc2 e6 21. b4
exd5 22. Bxf6 Bxf6 23. exd5 Rfe8 24. Qd2 Nd7 25. Re1 b5 26. Bg4 Ra8 27. g3 Nb6
28. Rxe8+ Rxe8 29. Qd3 Nc4 30. Rxc4 bxc4 31. Qxc4 Qb6+ 32. Kg2 Qe3 33. a4 h5
34. Bf3 Qd2+ 35. Kh3 Re3 36. Qf1 Kg7 37. f5 Re1 38. Qg2 Qe3 39. fxg6 fxg6 40.
b5 g5 41. g4 Rg1 42. b6 axb6 43. a5 bxa5 44. Ne7 Bxe7 45. Qb2+ Kf7 0-1

[Event "Hillerod Byturnering 2017 Basis 1"]
[Site "Hillerod"]
[Date "????.??.??"]
[Round "1"]
[White "Olsen, Kim Alex"]
[Black "Kopperberg, Steen"]
[Result "0-1"]
[WhiteElo "1694"]
[BlackElo "1818"]
[PlyCount "92"]
[EventDate "2017.??.??"]
[EventType "tourn"]
[EventRounds "7"]
[EventCountry "DEN"]

1. d4 d5 2. c4 c6 3. Nc3 dxc4 4. e4 Nf6 5. Bxc4 e6 6. Nf3 Nbd7 7. O-O b5 8. Bd3
b4 9. Ne2 Bb7 10. Ng3 Be7 11. Be3 a5 12. Rc1 Rc8 13. Qe2 O-O 14. Ba6 Qb6 15.
Bxb7 Qxb7 16. b3 c5 17. dxc5 Nxc5 18. Bxc5 Bxc5 19. Nd2 Rfd8 20. Nc4 Qa7 21.
Rc2 Bd4 22. Nd6 Rxc2 23. Qxc2 Qd7 24. Nc4 Qc7 25. Qe2 Qc5 26. e5 Nd5 27. Ne4
Qa7 28. Qh5 Rf8 29. Ncd6 h6 30. Qg4 Bxe5 31. Nc4 Bc3 32. Ned6 Nf6 33. Qf3 Qc5
34. Nb7 Qd5 35. Qxd5 exd5 36. Ncxa5 d4 37. Rd1 Re8 38. f3 Re2 39. Nc6 Rxa2 40.
Nxd4 Nd5 41. Nf5 Bd2 42. Kf2 Nc3 43. Rf1 Ra7 44. Nbd6 g6 45. Ne3 Ra3 46. Nec4
Bf4 0-1

[Event "Hillerod Byturnering 2017 Basis 1"]
[Site "Hillerod"]
[Date "????.??.??"]
[Round "2"]
[White "Holm, Henrik"]
[Black "Kopperberg, Steen"]
[Result "1/2-1/2"]
[WhiteElo "1804"]
[BlackElo "1818"]
[PlyCount "72"]
[EventDate "2017.??.??"]
[EventType "tourn"]
[EventRounds "7"]
[EventCountry "DEN"]

1. e4 e6 2. Qe2 d5 3. exd5 Qxd5 4. Nc3 Qf5 5. d3 Bb4 6. Bd2 Nf6 7. h3 Nc6 8.
Nf3 Qc5 9. a3 Bxc3 10. Bxc3 Qe7 11. g4 h6 12. Bg2 Bd7 13. b4 a6 14. Bd2 Qd6 15.
c4 Nd4 16. Nxd4 Qxd4 17. O-O Bc6 18. Bxc6+ bxc6 19. Qf3 O-O 20. Rfd1 Nh7 21.
Qxc6 Qxd3 22. Be3 Qg6 23. Rd7 h5 24. f3 hxg4 25. fxg4 Ng5 26. Bxg5 Qxg5 27. Rf1
Qe3+ 28. Kg2 Rad8 29. Qxc7 Rxd7 30. Qxd7 Qe4+ 31. Kg3 Qxc4 32. Rf3 Qe2 33. Qa7
Qe5+ 34. Kg2 Qe2+ 35. Kg3 Qe5+ 36. Kg2 Qe2+ 1/2-1/2

[Event "Hillerod Byturnering 2017 Basis 1"]
[Site "Hillerod"]
[Date "????.??.??"]
[Round "2"]
[White "Nygaard, Soren"]
[Black "Lavrsen, Frands Winther"]
[Result "1-0"]
[WhiteElo "1751"]
[BlackElo "1772"]
[PlyCount "127"]
[EventDate "2017.??.??"]
[EventType "tourn"]
[EventRounds "7"]
[EventCountry "DEN"]

1. d4 d5 2. c4 Nc6 3. Nc3 Nf6 4. Nf3 Bf5 5. Bg5 Ne4 6. e3 Nxg5 7. Nxg5 e6 8.
Nf3 Be7 9. Be2 O-O 10. O-O Bf6 11. cxd5 exd5 12. Rc1 Ne7 13. b4 c6 14. a4 Rc8
15. Qb3 Be6 16. Rfd1 Nf5 17. a5 Nd6 18. a6 b5 19. Bf1 Rb8 20. Ne2 Rb6 21. Nf4
Bc8 22. Nd3 Bxa6 23. Nc5 Bc8 24. Ra1 Qc7 25. Ra2 Bf5 26. Rda1 Ra8 27. h3 Ne4
28. Qb2 Nxc5 29. bxc5 Rb7 30. Qb4 Bd8 31. Ra6 Bc8 32. Ne5 Bd7 33. Be2 Be8 34.
Qb1 f6 35. Nd3 Qe7 36. Nb4 Rc7 37. Bd3 g6 38. Qb3 f5 39. Bxb5 Rb8 40. Bd3 Rcb7
41. R1a4 Qc7 42. Qa3 Ra8 43. Bb1 Bf6 44. Ba2 Kh8 45. g3 g5 46. R4a5 f4 47. Nxd5
cxd5 48. Rxf6 fxg3 49. f3 Qe7 50. Raa6 Bd7 51. Kg2 Rab8 52. Bxd5 Rb2+ 53. Kxg3
Qe8 54. Rxa7 Bxh3 55. Rff7 Bf5 56. Rxf5 Qh5 57. Rf8+ Rxf8 58. Qxb2 g4 59. Qh2
Qg6 60. f4 h5 61. Qh1 Qe8 62. Be4 Rf6 63. Ra8 h4+ 64. Qxh4+ 1-0

[Event "Hillerod Byturnering 2017 Basis 1"]
[Site "Hillerod"]
[Date "????.??.??"]
[Round "2"]
[White "Petersen, Albert Emil Lyng"]
[Black "Olsen, Kim Alex"]
[Result "0-1"]
[WhiteElo "1691"]
[BlackElo "1694"]
[PlyCount "90"]
[EventDate "2017.??.??"]
[EventType "tourn"]
[EventRounds "7"]
[EventCountry "DEN"]

1. e4 Nc6 2. Nf3 b6 3. Bc4 e6 4. Nc3 Bb7 5. d4 Na5 6. Bd3 c5 7. d5 exd5 8. exd5
Qe7+ 9. Qe2 Qxe2+ 10. Kxe2 Nf6 11. Nb5 Nxd5 12. c4 a6 13. cxd5 axb5 14. Be4 g6
15. b4 Bg7 16. Rb1 Nc4 17. bxc5 Rxa2+ 18. Kd1 bxc5 19. Re1 O-O 20. Rxb5 Ba6 21.
Rxc5 Rxf2 22. Bd3 Nb2+ 23. Bxb2 Bxd3 24. Bxg7 Kxg7 25. Ne5 Bf5 26. g4 d6 27.
Rc6 dxe5 28. gxf5 Ra8 29. fxg6 Ra1+ 30. Rc1 Raa2 31. Rg1 hxg6 32. h4 e4 33. h5
Rf5 34. hxg6 Rxd5+ 35. Ke1 fxg6 36. Rc7+ Kh6 37. Rg4 Rh5 38. Rg1 Ra1+ 39. Kf2
Rf5+ 40. Kg2 Rg5+ 41. Kh2 Raxg1 42. Re7 Re1 43. Rf7 e3 44. Rf3 e2 45. Re3 Rf5
0-1

[Event "Hillerod Byturnering 2017 Basis 1"]
[Site "Hillerod"]
[Date "????.??.??"]
[Round "2"]
[White "Sorensen, Bernhard W"]
[Black "Malchau, Helge"]
[Result "1/2-1/2"]
[WhiteElo "1724"]
[BlackElo "1722"]
[PlyCount "116"]
[EventDate "2017.??.??"]
[EventType "tourn"]
[EventRounds "7"]
[EventCountry "DEN"]

1. d4 d5 2. Bf4 e6 3. e3 c5 4. c3 Nf6 5. Nd2 Bd6 6. Bg3 Bxg3 7. hxg3 Nbd7 8.
Bd3 c4 9. Bc2 b5 10. a3 Qb6 11. Ngf3 Bb7 12. Ne5 h6 13. f4 a5 14. Qf3 b4 15.
axb4 axb4 16. Rxa8+ Bxa8 17. Ndxc4 Qa6 18. Nd2 bxc3 19. bxc3 Qa3 20. Nb1 Qc1+
21. Qd1 Qxe3+ 22. Qe2 Qxg3+ 23. Qf2 Qxf2+ 24. Kxf2 O-O 25. Kf3 Rc8 26. Nxd7
Nxd7 27. g4 Bb7 28. g5 hxg5 29. fxg5 g6 30. Kf4 Kg7 31. Bb3 Ba6 32. Bc2 Nb6 33.
Ke5 Nc4+ 34. Kf4 Nd6 35. Ke5 Nc4+ 36. Kf4 Rh8 37. Rxh8 Kxh8 38. Bd3 Kg7 39. Na3
Nxa3 40. Bxa6 f6 41. Bd3 Kf7 42. gxf6 Kxf6 43. Kg4 Nc4 44. Bxc4 dxc4 45. Kf4
g5+ 46. Ke4 e5 47. d5 g4 48. Ke3 Kf5 49. Kf2 e4 50. d6 Ke6 51. Kg3 Kxd6 52.
Kxg4 Ke5 53. Kg3 Kf5 54. Kf2 Kf4 55. Ke2 e3 56. Ke1 Kf3 57. Kf1 e2+ 58. Ke1 Ke3
1/2-1/2

[Event "Hillerod Byturnering 2017 Basis 1"]
[Site "Hillerod"]
[Date "????.??.??"]
[Round "3"]
[White "Kopperberg, Steen"]
[Black "Petersen, Albert Emil Lyng"]
[Result "1-0"]
[WhiteElo "1818"]
[BlackElo "1691"]
[PlyCount "113"]
[EventDate "2017.??.??"]
[EventType "tourn"]
[EventRounds "7"]
[EventCountry "DEN"]

1. d4 Nf6 2. Nf3 g6 3. Bf4 d6 4. e3 Bg7 5. c3 O-O 6. Nbd2 Nbd7 7. Qb3 c5 8. Bb5
cxd4 9. cxd4 Nb6 10. O-O Be6 11. Qd1 Nh5 12. Bg3 Nxg3 13. hxg3 a6 14. Be2 Rc8
15. a3 Bd7 16. Rc1 e5 17. Rxc8 Qxc8 18. Ne4 Qc6 19. Nc3 f5 20. dxe5 dxe5 21.
Qd2 Be6 22. Rc1 Bf6 23. Nd1 Qa4 24. Qd6 Qb3 25. Rc3 Rd8 26. Qxd8+ Bxd8 27. Rxb3
Bxb3 28. Nxe5 Bf6 29. Nd3 Na4 30. Kf1 b5 31. Nb4 Nxb2 32. Nxb2 Bxb2 33. Nxa6
Bc4 34. Bxc4+ bxc4 35. a4 Ba3 36. Ke2 Kf7 37. Kd2 Ke6 38. Kc3 Kd5 39. Nc7+ Kc6
40. Nb5 Bc5 41. Kxc4 Bb6 42. Nd4+ Kb7 43. Kb5 g5 44. Nxf5 Bd8 45. a5 Bc7 46.
a6+ Ka7 47. Nd4 g4 48. Nc6+ Ka8 49. e4 h5 50. e5 h4 51. gxh4 g3 52. fxg3 Bxe5
53. Nxe5 Kb8 54. h5 Ka8 55. h6 Kb8 56. h7 Ka7 57. Nc6+ 1-0

[Event "Hillerod Byturnering 2017 Basis 1"]
[Site "Hillerod"]
[Date "????.??.??"]
[Round "3"]
[White "Lavrsen, Frands Winther"]
[Black "Holm, Henrik"]
[Result "0-1"]
[WhiteElo "1772"]
[BlackElo "1804"]
[PlyCount "70"]
[EventDate "2017.??.??"]
[EventType "tourn"]
[EventRounds "7"]
[EventCountry "DEN"]

1. f4 e5 2. e4 exf4 3. Bc4 Nf6 4. Nc3 d6 5. d3 g5 6. Bd2 Bg7 7. Qe2 Nc6 8. Nf3
h6 9. O-O-O Bg4 10. Qf2 Qd7 11. h4 Ne5 12. Nxe5 dxe5 13. Rde1 Be6 14. Nd5 Ng4
15. Qc5 c6 16. hxg5 b6 17. Qb4 b5 18. Nf6+ Nxf6 19. gxf6 Bxf6 20. Bxe6 Qxe6 21.
d4 Qxa2 22. Kd1 Qe6 23. dxe5 Bxe5 24. Rh4 O-O-O 25. Ke2 f3+ 26. gxf3 Bg3 27.
Reh1 Bxh4 28. Rxh4 Qg6 29. Be3 Qg2+ 30. Bf2 Rd7 31. Qc5 Qg6 32. Qe5 Rhd8 33.
Bg3 Rd2+ 34. Ke3 Qg5+ 35. Bf4 Qg1# 0-1

[Event "Hillerod Byturnering 2017 Basis 1"]
[Site "Hillerod"]
[Date "????.??.??"]
[Round "3"]
[White "Malchau, Helge"]
[Black "Nygaard, Soren"]
[Result "0-1"]
[WhiteElo "1722"]
[BlackElo "1751"]
[PlyCount "70"]
[EventDate "2017.??.??"]
[EventType "tourn"]
[EventRounds "7"]
[EventCountry "DEN"]

1. d4 Nf6 2. c4 g6 3. Nf3 Bg7 4. g3 O-O 5. Bg2 d6 6. O-O Nbd7 7. Nc3 c5 8. d5
a6 9. Re1 Rb8 10. e4 Ne5 11. Nxe5 dxe5 12. Bg5 Ne8 13. Qd2 Nd6 14. b3 Bd7 15.
Bh6 b5 16. Bxg7 Kxg7 17. cxb5 axb5 18. Nd1 Qb6 19. Nb2 c4 20. Qc3 Qd4 21. Qxd4
exd4 22. e5 Nf5 23. bxc4 bxc4 24. Nxc4 Rfc8 25. Nd2 Rb2 26. Ne4 Rcc2 27. a4 Bc8
28. a5 Ba6 29. Bf1 d3 30. d6 exd6 31. exd6 Nxd6 32. Nxd6 Rxf2 33. Ne4 Rxh2 34.
Nc5 Bb5 35. Red1 Bc6 0-1

[Event "Hillerod Byturnering 2017 Basis 1"]
[Site "Hillerod"]
[Date "????.??.??"]
[Round "3"]
[White "Olsen, Kim Alex"]
[Black "Sorensen, Bernhard W"]
[Result "1/2-1/2"]
[WhiteElo "1694"]
[BlackElo "1724"]
[PlyCount "44"]
[EventDate "2017.??.??"]
[EventType "tourn"]
[EventRounds "7"]
[EventCountry "DEN"]

1. d4 d5 2. c4 c6 3. Nc3 Nf6 4. Bf4 dxc4 5. e4 b5 6. a3 Bg4 7. f3 Bh5 8. Nge2
e6 9. Qc2 Qa5 10. Rd1 Bg6 11. Bd2 Qb6 12. Bg5 Nd5 13. Nf4 Nxf4 14. Bxf4 Nd7 15.
Qc1 Be7 16. h4 h6 17. Rh3 O-O-O 18. Be3 Qc7 19. Na2 Qa5+ 20. Bd2 Qc7 21. Be3
Qa5+ 22. Bd2 Qc7 1/2-1/2

[Event "Hillerod Byturnering 2017 Basis 1"]
[Site "Hillerod"]
[Date "????.??.??"]
[Round "4"]
[White "Lavrsen, Frands Winther"]
[Black "Malchau, Helge"]
[Result "1-0"]
[WhiteElo "1772"]
[BlackElo "1722"]
[PlyCount "43"]
[EventDate "2017.??.??"]
[EventType "tourn"]
[EventRounds "7"]
[EventCountry "DEN"]

1. f4 d5 2. Nf3 Nf6 3. g3 c5 4. Bg2 Nc6 5. O-O e6 6. d3 Bd6 7. c3 O-O 8. Qc2 h6
9. e4 e5 10. f5 dxe4 11. dxe4 c4 12. h3 Bc5+ 13. Kh2 b5 14. b4 cxb3 15. axb3
Qb6 16. Na3 a6 17. Qe2 Re8 18. b4 Bf8 19. Nxb5 Bxf5 20. exf5 axb5 21. Rxa8 Rxa8
22. Nxe5 1-0

[Event "Hillerod Byturnering 2017 Basis 1"]
[Site "Hillerod"]
[Date "????.??.??"]
[Round "4"]
[White "Nygaard, Soren"]
[Black "Olsen, Kim Alex"]
[Result "1-0"]
[WhiteElo "1751"]
[BlackElo "1694"]
[PlyCount "111"]
[EventDate "2017.??.??"]
[EventType "tourn"]
[EventRounds "7"]
[EventCountry "DEN"]

1. d4 d5 2. c4 dxc4 3. e4 a6 4. Bxc4 Nf6 5. e5 Nd5 6. Nf3 e6 7. a3 Be7 8. Bd3
Nc6 9. Nc3 b6 10. Bd2 Bb7 11. Rc1 Nxc3 12. Bxc3 f6 13. O-O O-O 14. Bc4 Qd7 15.
Qb3 Nd8 16. Rfd1 b5 17. Be2 Bd5 18. Qc2 f5 19. Bd2 c6 20. Bg5 Nf7 21. Bxe7 Qxe7
22. Qd2 Rfc8 23. Rc3 Rd8 24. Qc1 Rdc8 25. g3 Qd8 26. Bf1 Rc7 27. Bg2 Rac8 28.
b4 Qe7 29. Ne1 Ng5 30. f3 Ra8 31. h4 Nf7 32. Nd3 a5 33. Nf4 Bc4 34. Bf1 axb4
35. axb4 Bxf1 36. Kxf1 g5 37. Nh5 Qxb4 38. Rxc6 Rxc6 39. Qxc6 Qc4+ 40. Qxc4
bxc4 41. Nf6+ Kg7 42. f4 gxh4 43. gxh4 c3 44. Rc1 Rc8 45. Ke2 Nh8 46. h5 Nf7
47. Kd3 Nh6 48. Rxc3 Rxc3+ 49. Kxc3 Ng4 50. Ne8+ Kf7 51. Nd6+ Kg7 52. d5 exd5
53. Nxf5+ Kf7 54. Kd4 Nf6 55. exf6 Kxf6 56. Nh6 1-0

[Event "Hillerod Byturnering 2017 Basis 1"]
[Site "Hillerod"]
[Date "????.??.??"]
[Round "4"]
[White "Sorensen, Bernhard W"]
[Black "Kopperberg, Steen"]
[Result "0-1"]
[WhiteElo "1724"]
[BlackElo "1818"]
[PlyCount "86"]
[EventDate "2017.??.??"]
[EventType "tourn"]
[EventRounds "7"]
[EventCountry "DEN"]

1. d4 d5 2. Bf4 Nf6 3. e3 c6 4. c3 Bf5 5. Nd2 e6 6. Ngf3 Nbd7 7. h3 Ne4 8. Be2
Qb6 9. Qb3 Be7 10. O-O O-O 11. Nxe4 Bxe4 12. Nd2 Bg6 13. Bg3 a5 14. Qxb6 Nxb6
15. c4 Na4 16. cxd5 exd5 17. b3 Nc3 18. Bf3 Ba3 19. Rae1 Bd3 20. Nb1 Nxb1 21.
Rxb1 Bxb1 22. Rxb1 Rfe8 23. Bg4 g6 24. Be5 f5 25. Be2 Re6 26. Bc7 b5 27. g3 h6
28. Kg2 Bd6 29. Bb6 h5 30. Rc1 Ba3 31. Rc2 Kf7 32. h4 Ke7 33. Bc7 Kd7 34. Bf4
a4 35. Kh3 axb3 36. axb3 Bd6 37. Bg5 Ra1 38. Rc3 Bb4 39. Rd3 Ra2 40. Bf3 Rxf2
41. Bg2 Rd2 42. Bf1 Rxd3 43. Bxd3 Bd2 0-1

[Event "Hillerod Byturnering 2017 Basis 1"]
[Site "Hillerod"]
[Date "????.??.??"]
[Round "5"]
[White "Kopperberg, Steen"]
[Black "Nygaard, Soren"]
[Result "1-0"]
[WhiteElo "1818"]
[BlackElo "1751"]
[PlyCount "75"]
[EventDate "2017.??.??"]
[EventType "tourn"]
[EventRounds "7"]
[EventCountry "DEN"]

1. d4 Nf6 2. Nf3 d5 3. Bf4 g6 4. e3 Bf5 5. c3 Bg7 6. Qb3 Qc8 7. Nbd2 O-O 8. Rc1
Nbd7 9. c4 Nh5 10. cxd5 Nxf4 11. exf4 Nf6 12. Bc4 Ne8 13. O-O Nd6 14. Bd3 Qd8
15. Bxf5 gxf5 16. Rfe1 Rc8 17. g3 a6 18. a4 h6 19. Nc4 b6 20. Nxd6 Qxd6 21. Rc6
Qd7 22. Ne5 Qe8 23. Rec1 Kh7 24. Rxc7 Rxc7 25. Rxc7 b5 26. axb5 axb5 27. Rc5
Qa8 28. Rxb5 f6 29. Nf3 Qa1+ 30. Kg2 Rd8 31. Qd3 Qa8 32. Qxf5+ Kh8 33. Nh4 e5
34. Ng6+ Kh7 35. Ne7+ Kh8 36. dxe5 fxe5 37. fxe5 Bf8 38. Ng6+ 1-0

[Event "Hillerod Byturnering 2017 Basis 1"]
[Site "Hillerod"]
[Date "????.??.??"]
[Round "5"]
[White "Malchau, Helge"]
[Black "Holm, Henrik"]
[Result "0-1"]
[WhiteElo "1722"]
[BlackElo "1804"]
[PlyCount "118"]
[EventDate "2017.??.??"]
[EventType "tourn"]
[EventRounds "7"]
[EventCountry "DEN"]

1. d4 d5 2. c4 c6 3. cxd5 cxd5 4. Nc3 e5 5. dxe5 d4 6. Ne4 Qa5+ 7. Bd2 Qxe5 8.
Ng3 Nc6 9. Nf3 Qd6 10. h3 Be6 11. e3 dxe3 12. Bxe3 Qxd1+ 13. Kxd1 O-O-O+ 14.
Kc1 a6 15. Ne4 h6 16. Bb6 Re8 17. Nfd2 f5 18. Nc3 Nf6 19. Bc4 Bd6 20. a3 Ne5
21. Be2 Nd5 22. Bd4 Rhg8 23. Bxe5 Bxe5 24. Nxd5 Bxd5 25. Bf3 Bxf3 26. Nxf3 Bf4+
27. Kd1 Rd8+ 28. Kc2 Rge8 29. Rhe1 Bc7 30. Rad1 Bb6 31. Rxd8+ Kxd8 32. Rd1+ Kc7
33. Rd2 g5 34. Nh2 Kc6 35. g4 f4 36. Nf3 Kc7 37. h4 gxh4 38. Nxh4 f3 39. Nxf3
Rf8 40. Nh4 Bxf2 41. Nf5 Bc5 42. Rh2 Rg8 43. Nxh6 Rg6 44. Kd3 Bf8 45. Nf7 Rxg4
46. Ne5 Rg5 47. Nf3 Rg3 48. Ke2 Bd6 49. Rh7+ Kc6 50. Nd4+ Kd5 51. Nf5 Rg2+ 52.
Kf3 Rxb2 53. Ne3+ Kc6 54. Nc4 Rb3+ 55. Ke4 Bc7 56. Rh6+ Kb5 57. Kd4 Rg3 58. Rh7
Rg4+ 59. Kd3 Rxc4 0-1

[Event "Hillerod Byturnering 2017 Basis 1"]
[Site "Hillerod"]
[Date "????.??.??"]
[Round "5"]
[White "Olsen, Kim Alex"]
[Black "Lavrsen, Frands Winther"]
[Result "1/2-1/2"]
[WhiteElo "1694"]
[BlackElo "1772"]
[PlyCount "39"]
[EventDate "2017.??.??"]
[EventType "tourn"]
[EventRounds "7"]
[EventCountry "DEN"]

1. d4 d5 2. c4 Nc6 3. Nc3 Nf6 4. Nf3 Bg4 5. Bf4 a6 6. e3 e6 7. Be2 Bd6 8. Bg5
Be7 9. Bf4 O-O 10. Ne5 Bxe2 11. Qxe2 Nxe5 12. Bxe5 Bd6 13. Bxd6 Qxd6 14. c5 Qe7
15. O-O e5 16. dxe5 Qxe5 17. Rfe1 Rad8 18. Rac1 Ne4 19. Nxe4 Qxe4 20. Qc2
1/2-1/2

[Event "Hillerod Byturnering 2017 Basis 1"]
[Site "Hillerod"]
[Date "????.??.??"]
[Round "5"]
[White "Petersen, Albert Emil Lyng"]
[Black "Sorensen, Bernhard W"]
[Result "0-1"]
[WhiteElo "1691"]
[BlackElo "1724"]
[PlyCount "70"]
[EventDate "2017.??.??"]
[EventType "tourn"]
[EventRounds "7"]
[EventCountry "DEN"]

1. e4 e6 2. d3 d5 3. Nd2 dxe4 4. Nxe4 Bd7 5. g3 Bc6 6. Nf3 Bxe4 7. dxe4 Qxd1+
8. Kxd1 Bc5 9. Bf4 c6 10. Be5 f6 11. Bd4 Nd7 12. Bxc5 Nxc5 13. e5 Rd8+ 14. Ke1
fxe5 15. Nxe5 Nf6 16. b4 Nce4 17. f3 Nc3 18. Bc4 Ke7 19. Nd3 Rd4 20. Bb3 Rhd8
21. Kf2 Nfd5 22. Rhe1 Rd6 23. a3 b6 24. Re5 Nb5 25. a4 Nbc7 26. a5 Nxb4 27.
Nxb4 Rxb4 28. axb6 axb6 29. f4 Kf6 30. Kf3 Nb5 31. Kg4 h6 32. Ra8 Nd4 33. Re4
Rb5 34. Rf8+ Ke7 35. Rg8 Kf7 0-1

[Event "Hillerod Byturnering 2017 Basis 1"]
[Site "Hillerod"]
[Date "????.??.??"]
[Round "6"]
[White "Holm, Henrik"]
[Black "Sorensen, Bernhard W"]
[Result "1-0"]
[WhiteElo "1804"]
[BlackElo "1724"]
[PlyCount "149"]
[EventDate "2017.??.??"]
[EventType "tourn"]
[EventRounds "7"]
[EventCountry "DEN"]

1. e4 e6 2. Nf3 d5 3. Nc3 dxe4 4. Nxe4 Bd7 5. d4 Bc6 6. Bd3 Nd7 7. c3 Ngf6 8.
Qe2 Be7 9. Bd2 Nxe4 10. Bxe4 Bxe4 11. Qxe4 c6 12. h4 h6 13. Qg4 Bf6 14. O-O-O
Qa5 15. Kb1 O-O-O 16. Rhe1 Qd5 17. Bf4 Rhg8 18. Bh2 Qf5+ 19. Qe4 Qxe4+ 20. Rxe4
Be7 21. Rde1 Nf6 22. R4e2 Ng4 23. Bg3 c5 24. Kc2 b6 25. Re4 Nf6 26. R4e2 Ng4
27. Rd1 Rd5 28. c4 Rd7 29. d5 exd5 30. Rxd5 Rxd5 31. cxd5 Kd7 32. d6 Bf6 33.
Re4 h5 34. Ng5 Re8 35. f3 Rxe4 36. fxe4 Ne3+ 37. Kd3 Bxg5 38. hxg5 Nxg2 39. Ke2
h4 40. Bh2 f6 41. gxf6 gxf6 42. Kf2 h3 43. Kg3 Ne1 44. Kxh3 Nd3 45. Kg4 Nxb2
46. Kf5 Nc4 47. Kxf6 Nxd6 48. e5 Ne8+ 49. Kf7 c4 50. e6+ Kd8 51. e7+ Kd7 52.
Be5 b5 53. a3 a5 54. Bc3 Nd6+ 55. Kf8 a4 56. Bb4 Ne8 57. Bc3 Nd6 58. Bd4 Ne8
59. Be5 c3 60. Bxc3 Nc7 61. Be5 Ne6+ 62. Kf7 Nd8+ 63. exd8=Q+ Kxd8 64. Ke6 Kc8
65. Kd5 Kb7 66. Kc5 Ka6 67. Kc6 Ka5 68. Bd6 Ka6 69. Kc7 Ka7 70. Kc8 Kb6 71. Kb8
Kc6 72. Bb4 Kd5 73. Kb7 Kd4 74. Kb6 Kc4 75. Kc6 1-0

[Event "Hillerod Byturnering 2017 Basis 1"]
[Site "Hillerod"]
[Date "????.??.??"]
[Round "6"]
[White "Lavrsen, Frands Winther"]
[Black "Kopperberg, Steen"]
[Result "0-1"]
[WhiteElo "1772"]
[BlackElo "1818"]
[PlyCount "60"]
[EventDate "2017.??.??"]
[EventType "tourn"]
[EventRounds "7"]
[EventCountry "DEN"]

1. f4 d5 2. Nf3 Bg4 3. e3 c6 4. Be2 Nd7 5. O-O Bxf3 6. Bxf3 e5 7. fxe5 Nxe5 8.
b3 Nf6 9. Bb2 Bd6 10. Nc3 Qc7 11. h3 O-O-O 12. Ne2 Rhg8 13. Kh1 Kb8 14. Nd4 g6
15. Qe2 Rdf8 16. d3 Nxf3 17. Qxf3 Nh5 18. Ne2 f5 19. Nf4 Nxf4 20. exf4 g5 21.
g3 g4 22. hxg4 Rxg4 23. Rae1 Rfg8 24. Rg1 Qf7 25. Re2 Bxf4 26. Be5+ Bxe5 27.
Rxe5 Qh5+ 28. Kg2 Rxg3+ 29. Qxg3 Rxg3+ 30. Kxg3 Qg4+ 0-1

[Event "Hillerod Byturnering 2017 Basis 1"]
[Site "Hillerod"]
[Date "????.??.??"]
[Round "6"]
[White "Malchau, Helge"]
[Black "Olsen, Kim Alex"]
[Result "1/2-1/2"]
[WhiteElo "1722"]
[BlackElo "1694"]
[PlyCount "33"]
[EventDate "2017.??.??"]
[EventType "tourn"]
[EventRounds "7"]
[EventCountry "DEN"]

1. d4 d5 2. c4 dxc4 3. e3 c5 4. Bxc4 cxd4 5. exd4 e6 6. Nf3 Nf6 7. Nc3 Be7 8.
O-O O-O 9. a3 Qc7 10. Ba2 b6 11. d5 Rd8 12. Qd4 exd5 13. Bf4 Qb7 14. b4 Be6 15.
Rfe1 Nc6 16. Qd3 Qc8 17. Nb5 1/2-1/2

[Event "Hillerod Byturnering 2017 Basis 1"]
[Site "Hillerod"]
[Date "????.??.??"]
[Round "6"]
[White "Nygaard, Soren"]
[Black "Petersen, Albert Emil Lyng"]
[Result "1-0"]
[WhiteElo "1751"]
[BlackElo "1691"]
[PlyCount "71"]
[EventDate "2017.??.??"]
[EventType "tourn"]
[EventRounds "7"]
[EventCountry "DEN"]

1. d4 Nf6 2. c4 g6 3. Nc3 Bg7 4. e4 d6 5. Be2 O-O 6. f4 c5 7. Nf3 cxd4 8. Nxd4
Nc6 9. Be3 Bd7 10. O-O Qc8 11. Rc1 Bg4 12. Nxc6 bxc6 13. h3 Bxe2 14. Qxe2 Qe6
15. Qd3 Nh5 16. f5 Qd7 17. g4 Nf6 18. b3 h5 19. g5 Nh7 20. h4 f6 21. Rc2 fxg5
22. hxg5 gxf5 23. exf5 Be5 24. Rg2 Bxc3 25. g6 Nf6 26. Qxc3 Ng4 27. Rxg4 hxg4
28. f6 Rxf6 29. Rxf6 exf6 30. Qxf6 Rf8 31. Qh4 Rf3 32. Bd4 Rh3 33. Qf6 g3 34.
g7 Qf7 35. Qd8+ Kh7 36. Qh8+ 1-0

[Event "Hillerod Byturnering 2017 Basis 1"]
[Site "Hillerod"]
[Date "????.??.??"]
[Round "7"]
[White "Kopperberg, Steen"]
[Black "Malchau, Helge"]
[Result "1/2-1/2"]
[WhiteElo "1818"]
[BlackElo "1722"]
[PlyCount "117"]
[EventDate "2017.??.??"]
[EventType "tourn"]
[EventRounds "7"]
[EventCountry "DEN"]

1. d4 d5 2. Nf3 e6 3. c3 c5 4. Bf4 Nc6 5. e3 Nf6 6. Nbd2 c4 7. b3 cxb3 8. axb3
Bd6 9. Bg3 Bxg3 10. hxg3 a6 11. Bd3 h6 12. Qc2 Qd6 13. e4 Nxe4 14. Nxe4 dxe4
15. Bxe4 Bd7 16. O-O Rc8 17. Qe2 O-O 18. Rfd1 Qb8 19. Bxc6 Bxc6 20. c4 Bxf3 21.
Qxf3 Qc7 22. d5 exd5 23. Rxd5 Qb6 24. Rad1 Qc6 25. Qd3 b6 26. Qf5 Rb8 27. Qg4
Qc8 28. Qd4 a5 29. Rb5 Qa6 30. Qc3 Rbc8 31. Qe3 Rc6 32. Qf3 Re6 33. Qf4 Rf6 34.
Qd4 a4 35. bxa4 Qxa4 36. Rd5 Rc6 37. Rd8 Rc8 38. Rxf8+ Rxf8 39. Qd5 Rc8 40. Rd4
Qb4 41. Rf4 Rf8 42. Qc6 Qe1+ 43. Kh2 Qa5 44. Qe4 Qh5+ 45. Rh4 Qc5 46. Qf3 Qc8
47. Qe3 Qc6 48. Re4 Rc8 49. Qd3 Qf6 50. Rf4 Qc6 51. Qf5 Qc7 52. Qb5 Qc5 53. Qd7
Rf8 54. Qg4 b5 55. cxb5 Qxb5 56. Qf3 Qc5 57. Rh4 Qg5 58. Rg4 Qh5+ 59. Rh4
1/2-1/2